Accounting: an introduction (Record no. 75582)
[ view plain ]
| 000 -LEADER | |
|---|---|
| fixed length control field | 00770nam a2200193 a 4500 |
| 008 - FIXED-LENGTH DATA ELEMENTS--GENERAL INFORMATION | |
| fixed length control field | 120416s1977 ||||||||||||||||| || u |
| 020 ## - INTERNATIONAL STANDARD BOOK NUMBER | |
| International Standard Book Number | 0333191676 |
| 050 ## - LIBRARY OF CONGRESS CALL NUMBER | |
| Classification number | HF 5635 Hin |
| 100 ## - MAIN ENTRY--PERSONAL NAME | |
| Personal name | Hindmarch, Arthur |
| 245 10 - TITLE STATEMENT | |
| Title | Accounting: an introduction |
| 260 ## - PUBLICATION, DISTRIBUTION, ETC. | |
| Place of publication, distribution, etc. | London |
| Name of publisher, distributor, etc. | Macmillan |
| Date of publication, distribution, etc. | 1977 |
| 300 ## - PHYSICAL DESCRIPTION | |
| Extent | xvii, 314p. : ill |
| 350 ## - | |
| -- | 0.00 |
| 650 #0 - SUBJECT ADDED ENTRY--TOPICAL TERM | |
| Topical term or geographic name entry element | ACCOUNTING--HANDBOOKS, MANUALS, ETC |
| 700 ## - ADDED ENTRY--PERSONAL NAME | |
| Personal name | Marke, Richard |
| 700 ## - ADDED ENTRY--PERSONAL NAME | |
| Personal name | Atchison, Miles |
| 995 ## - | |
| -- | MAIN LIBRARY OPEN ACCESS |
| -- | 0.00 |
| -- | 005717 |
| -- | CBU-MAIN LIBRARY (Kitwe) |
| -- | 1 |
| -- | 26.50 |
| -- | HF 5635 Hin |
| -- | AVAILABLE |
| -- | 005717 |
| -- | Main Library Open Access Collection |
| 995 ## - | |
| -- | ANNEX COLLECTION (Main Library) |
| -- | 0.00 |
| -- | 726548 |
| -- | CBU-MAIN LIBRARY (Kitwe) |
| -- | 2 |
| -- | 26.50 |
| -- | HF 5635 Hin |
| -- | AVAILABLE |
| -- | 005718 |
| -- | Annex Low-Usage Collection |
| 999 ## - | |
| -- | 75582 |
| -- | 75582 |
| Withdrawn status | Lost status | Source of classification or shelving scheme | Damaged status | Not for loan | Permanent Location | Current Location | Shelving location | Date acquired | Total Checkouts | Full call number | Barcode | Date last seen | Copy number | Price effective from | Koha item type |
|---|---|---|---|---|---|---|---|---|---|---|---|---|---|---|---|
| CBU-MAIN LIBRARY, KITWE. | CBU-MAIN LIBRARY, KITWE. | 03/30/2023 | HF 5635 Hin | 005717 | 03/30/2023 | 1 | 03/30/2023 | MONOGRAPH | |||||||
| CBU-MAIN LIBRARY, KITWE. | CBU-MAIN LIBRARY, KITWE. | 03/30/2023 | HF 5635 Hin | 005718 | 03/30/2023 | 2 | 03/30/2023 | MONOGRAPH |